|
|
|
|
| LEADER |
01433nam a2200265 u 4500 |
| 001 |
10054686 |
| 003 |
upatras |
| 005 |
20210117200709.0 |
| 008 |
050715s lu gre |
| 020 |
|
|
|a 9289500700
|
| 040 |
|
|
|a GR-PaULI
|c GR-PaULI
|
| 041 |
0 |
|
|a gre
|
| 082 |
0 |
4 |
|a 331.094
|
| 110 |
|
0 |
|a Επιτροπή των Περιφερειών της Ευρωπαϊκής Ένωσης
|9 47107
|
| 245 |
1 |
0 |
|a Η τοπική διάσταση της ευρωπαϊκής στρατηγικής για την απασχόληση
|b η συμβολή της Επιτροπής των Περιφερειών
|c Επιτροπή των Περιφερειών της Ευρωπαϊκής Ένωσης
|
| 260 |
|
|
|a Λουξεμβούργο
|b Υπηρεσία Επισήμων Εκδόσεων των Ευρωπαϊκών Κοινοτήτων
|c [χ.χ.]
|
| 300 |
|
|
|a 48 σ.
|c 21 εκ.
|
| 504 |
|
|
|a Περιλαμβάνει βιβλιογραφία
|
| 610 |
2 |
4 |
|a Επιτροπή των Περιφερειών
|9 47109
|
| 650 |
|
4 |
|a Επαγγελματική απασχόληση
|z Ευρώπη
|9 45431
|
| 852 |
|
|
|a GR-PaULI
|b ΠΑΤΡΑ
|b ΒΚΠ
|b ΚΕΤ
|h 331.094 ΕΠΙ
|m 079404
|p 025000111586
|t 1
|
| 942 |
|
|
|2 ddc
|
| 952 |
|
|
|0 0
|1 0
|4 0
|6 331_094000000000000_ΕΠΙ
|7 0
|9 49237
|a LISP
|b LISP
|c EDC
|d 2016-04-24
|i 079404
|l 0
|o 331.094 ΕΠΙ
|p 025000111586
|r 2016-04-24 00:00:00
|t 1
|w 2016-04-24
|y BK15
|
| 998 |
|
|
|c ΗΛΙΟΠΟΥΛΟΥ
|d 2005-07
|
| 999 |
|
|
|c 31285
|d 31285
|